Cleopatra: historia de una reina

Guardat en:
Dades bibliogràfiques
Autor principal: Ludwig, Emil (autor)
Format: Llibre
Idioma:espanyol
Publicat: Santiago Ediciones Ercilla 1946
Edició:1a. ed
Matèries:
Etiquetes: Afegir etiqueta
Sense etiquetes, Sigues el primer a etiquetar aquest registre!

MARC

LEADER 00000cam a2200000 a 4500
001 UCE9800
003 CL-VaPUC
008 151106e19460000cl |||||||||||||||||spa|d
082 0 4 |a 923.1  |b LUD  |2 21 
100 |a Ludwig, Emil  |e autor  |9 588142 
245 1 0 |a Cleopatra: historia de una reina 
246 1 0 |a Geschichte einer Konigin 
250 |a 1a. ed 
300 |a 274 p 
942 |c BK 
945 |d 20151106 14:16:00  |a dcastane 
260 |a Santiago  |b Ediciones Ercilla  |c 1946 
600 0 |a Cleopatra  |9 352620 
650 7 |a BIOGRAFIAS - CRITICA E INTERPRETACION  |2 CL-VaPUC  |9 582747 
650 0 |a Biografías  |9 255210 
650 0 |a Mujeres  |9 257649 
650 0 |a Reinas  |9 315207 
583 |a last modification  |c 20151106 14:16:00  |k Rodrigo Vera 
999 |c 361445  |d 361443 
952 |0 0  |1 0  |3 erb  |4 0  |6 923_100000000000000_LUD_1946  |7 0  |8 P  |9 471999  |a BIBEDU  |b BIBEDU  |i 5210224  |o 923.1 LUD 1946  |p 5210224  |r 2019-11-24  |w 2019-11-24  |y BK  |z Catalogado en:20151106  |k EDU